Представление документа в формате RUSMARC

ПолеНазваниеЗначение
  Тип записи a
  Библиографический уровень m
001 Контрольный номер 9fc7cc394d3c4eaf836c5b21be67ede1
005 Дата корректировки 20250630145304.0
010 Индекс ISBN __
a ISBN 978-5-04-101567-1
d Цена 120-00
100 Данные общей обработки __
a Данные общей обработки 20210113d2019####m##y0rusy50######ca
101 Язык документа 0_
a Язык текста rus
102 Страна публикации __
a Страна публикации RU
200 Заглавие и сведения об ответственности 1_
a Заглавие Огненная дева
f Первые сведения об ответственности Дженнифер Макмахон
g Последующие сведения об ответственности перевод с английского К. Савельева
210 Выходные данные 1_
a Место издания Москва
c Издательство Эксмо
d Дата издания 2019
215 Физическое описание __
a Объем 380, [1] с.
225 Серия (Журнальная рубрика) 2_
a Серия (Журнальная рубрика) Саспенс нового поколения. Бестселлеры Дженнифер Макмахон
333 Примечание о целевом назначении __
a Примечание о целевом назначении 18+
606 Тематические рубрики __
a Основная рубрика Художественная литература
606 Тематические рубрики __
a Основная рубрика Литература Америки (произведения)
610 Ключевые слова 0_
a Ключевые слова американская литература
a Ключевые слова романы
686 Индексы других классификаций __
a Индекс ББК 84(7Сое)-4
700 Автор _1
a Фамилия Макмахон
b Имя Д.
g Полное личное имя Дженнифер
f Даты 1968-
702 Вторичная интеллектуальная ответственность _1
a Фамилия Савельев
b Имя К. А.
g Полное личное имя Кирилл Александрович
801 Источник записи _0
a Страна RU
b Организация Центральная районная библиотека им. Г. А. Пирожникова
c Дата составления 20210113
g Правила каталогизации bzbo
801 Источник записи _1
a Страна RU
b Организация Центральная районная библиотека им. Г. А. Пирожникова
c Дата составления 20210113
g Правила каталогизации bzbo
852 Данные о местонахождении __
j Шифр хранения 84(7Сое)
i Авторский знак М 159
901 Тип документа __
t Тип документа m
902 Роль лиц __
a Создатель БЗ ОКиО/Шумских